000 00303nam a2200121Ia 4500
008 220204s9999 xx 000 0 und d
082 _a373.3
_bGAD
100 _aDandekar, V M
245 0 _aPrimary education in Satara district
260 _aPoona
_bGokhale6c1955
700 _aGadgil, D R
942 _cBK
999 _c20013
_d20013